Dreamweaver MX/Fireworks MX
Dreamweaver MX / Fireworks MX Savvy is a thorough, in-depth resource for every user of Macromedia's powerful web publishing tools. Heading up a team of experienced Web professionals, best-selling author Christian Crumlish teaches you everything from best-practices methodology to the nitty gritt...
Сохранить в:
| Главный автор: | |
|---|---|
| Формат: | |
| Язык: | Undetermined |
| Опубликовано: |
San Francisco
Sybex
2002
|
| Предметы: | |
| Метки: |
Добавить метку
Нет меток, Требуется 1-ая метка записи!
|
| Thư viện lưu trữ: | Trung tâm Học liệu Trường Đại học Cần Thơ |
|---|
| LEADER | 01094nam a2200205Ia 4500 | ||
|---|---|---|---|
| 001 | CTU_213697 | ||
| 008 | 210402s9999 xx 000 0 und d | ||
| 082 | |a 005.72 | ||
| 082 | |b C956 | ||
| 100 | |a Crumlish, Christian | ||
| 245 | 0 | |a Dreamweaver MX/Fireworks MX | |
| 245 | 0 | |c Christian Crumlish | |
| 260 | |a San Francisco | ||
| 260 | |b Sybex | ||
| 260 | |c 2002 | ||
| 520 | |a Dreamweaver MX / Fireworks MX Savvy is a thorough, in-depth resource for every user of Macromedia's powerful web publishing tools. Heading up a team of experienced Web professionals, best-selling author Christian Crumlish teaches you everything from best-practices methodology to the nitty gritty of such common tasks as: migrating sites to Dreamweaver, optimizing images for Web use, creating dynamic content, building web applications, administering your site, and more. | ||
| 650 | |a Web sites,Web sites,Địa chỉ Web,Địa chỉ Web | ||
| 650 | |x Authoring programs,Design,Người tạo chương trình,Thiết kế | ||
| 904 | |i QHieu | ||
| 980 | |a Trung tâm Học liệu Trường Đại học Cần Thơ | ||